00497nam a2200145 a 450000500170000000800410001702000190005805000260007710000170010324500550012026000320017530000090020799900190021695201160023520140412111327.0110128s19uu xx 00 eng d a0-439-385531-8 aTR(GS 745.4bEv1 2006 aEvans, Linda aArt Projects from around the world /cLinda Evans. aU.S.A :bScholastic,c2006. a64p. c104732d104732 001040aELbELcTRd2011-01-28eLib. Fundl0oTR(GS 745.4 Ev1 2006pE8538r2014-04-12 00:00:00w2014-04-12yBK